000 00373nam a2200133Ia 4500
008 151001s9999||||xx |||||||||||||| ||und||
100 _aविनायक त्र्यं पाटील
245 _aनिरीच्छ नभ
250 _a1
260 _bशब्दालय प्रकाशन
260 _c2006
300 _a64
365 _b21
999 _c988562
_d988559